000 00623nam a2200205Ia 4500
003 OSt
005 20251217121248.0
008 220923b |||||||| |||| 00| 0 eng d
037 _cGeneral Book
040 _aRTL
_cRTL
_beng
041 _2eng
_aeng
084 _aX:8L , L1
_qRTL
100 _aClugston Richard
_9281446
245 0 _aEstimating manufacturing costs
260 _aLondon
_bGower Press U. K.
_c1971
300 _axi, 201p.
_bincludes bibliographical references and index.
650 _aEstimating Management Costs
_9278221
942 _cGB
_2CC
_n0
_hX:8L ,L1
999 _c567289
_d567289